| 000 | 01591cam a22003734a 4500 | ||
|---|---|---|---|
| 999 |
_c531576 _d531576 |
||
| 001 | 13088727 | ||
| 003 | NUST | ||
| 005 | 20191018155325.0 | ||
| 008 | 030211s2003 enk b 001 0 eng | ||
| 010 | _a 2003043613 | ||
| 020 | _a0333970179 (cloth) | ||
| 038 | _aMSOHAIL | ||
| 040 |
_aDLC _cDLC _dDLC |
||
| 042 | _apcc | ||
| 043 | _afb----- | ||
| 050 | 0 | 0 |
_aHC800 _b.D48614 2003 |
| 082 | 0 | 0 |
_a339.460967 _221 |
| 245 | 0 | 0 |
_aDevelopment planning and poverty reduction / _cedited by David Potts, Patrick Ryan, and Anna Toner. |
| 260 |
_aHoundmills, Basingstoke, Hampshire ; _aNew York : _bPalgrave Macmillan, _c2003. |
||
| 300 |
_axiii, 287 p. ; _c22 cm. |
||
| 504 | _aIncludes bibliographical references (p. 258-280) and index. | ||
| 650 | 0 |
_aEconomic assistance, Domestic _zAfrica, Sub-Saharan. _924434 |
|
| 650 | 0 |
_aPoverty _zAfrica, Sub-Saharan. _924435 |
|
| 651 | 0 |
_aAfrica, Sub-Saharan _xEconomic policy. _924436 |
|
| 700 | 1 |
_aPotts, David, _d1952- _924437 |
|
| 700 | 1 |
_aRyan, Patrick, _d1956- _924438 |
|
| 700 | 1 |
_aToner, Anna, _d1974- _924439 |
|
| 856 | 4 | 2 |
_3Contributor biographical information _uhttp://www.loc.gov/catdir/bios/hol053/2003043613.html |
| 856 | 4 | 2 |
_3Publisher description _uhttp://www.loc.gov/catdir/description/hol041/2003043613.html |
| 856 | 4 | 1 |
_3Table of contents _uhttp://www.loc.gov/catdir/toc/hol041/2003043613.html |
| 906 |
_a7 _bcbc _corignew _d1 _eocip _f20 _gy-gencatlg |
||
| 942 |
_2ddc _cBK |
||